000 00761 a2200265 4500
502 _aThèse de Doctorat
260 _aWageningen
653 1 _aAgronomie
100 _aVOGELAAR? c;t; jaap
041 _bEn
260 _bUniversité de Wageningen
300 _a152 p.
245 _aThermophilic aerobic post treatment of anaerobically pretreated paper process water
650 _aTHERMOFILIC AEROBIC
650 _aANAEROBIC
300 _bIll., Couv. ill. ; 24 cm
260 _c04 Octobre 2002
130 _lEn
040 _aSupport
041 _bEn
653 1 _aNutrition et Sciences Alimentaires
100 _uAbomey-Calavi, Université d'Abomey-Calavi, Faculté des Sciences Agronomiques, Bj
020 _a90-5808-713-1
999 _c31830
_d31830